000 00292nam a22001337a 4500
008 181206b xxu||||| |||| 00| 0 eng d
020 _a9780759331075
041 _aeng
080 _23 TH
_a510
100 _a37
101 _aMAT
245 _aCollege Algebra
_cVancil.CH
942 _2udc
_cBK
999 _c52965
_d52965